| 000 | 00483nam a2200217Ia 4500 | ||
|---|---|---|---|
| 001 | 084287 | ||
| 003 | YMCAF | ||
| 005 | 20230512161443.0 | ||
| 008 | 100717s2001 ||||||||||||||||| ||und|d | ||
| 024 | _a84287 | ||
| 035 | _a23747 | ||
| 040 |
_aYMCAF _beng _cIN-KoLT |
||
| 041 | _aeng | ||
| 082 |
_a006.76 _bCAL |
||
| 100 | _aCallahan, Evan | ||
| 245 | 0 | _aTroubleshooting your web page -microsoft | |
| 260 |
_bTMH _c2001 |
||
| 300 | _a379 | ||
| 653 | _aComputer | ||
| 942 |
_2ddc _cBK |
||
| 999 |
_c8681 _d8681 |
||